[Event "AUTO-ADV-3993"]
[Site "http://www.queenalice.com/game.php?id=1520543"]
[Date "2018.3.20"]
[Round "1"]
[White "Zarathustra"]
[Black "forever"]
[Result "1-0"]
[WhiteElo "1999"]
[BlackElo "1965"]

1. d4 d5 2. c4 c6 3. Nf3 Nf6 4. e3 h6 5. Bd3 Bg4 6. Nbd2 Nbd7 7. O-O e6 8. c5 e5
9. Be2 Bxf3 10. Nxf3 e4 11. Ne1 b6 12. b4 g6 13. a4 Bg7 14. a5 O-O 15. f3 Re8
16. f4 h5 17. Bd2 Kh7 18. g3 Rh8 19. Ng2 Kg8 20. f5 g5 21. axb6 axb6 22. Rxa8
Qxa8 23. Qa1 Qb8 24. Qa4 b5 25. Qa6 Qc7 26. Ra1 h4 27. gxh4 gxh4 28. Qa8+ Bf8
29. Ra7 Qb8 30. Qxb8 Nxb8 31. h3 Nfd7 32. f6 Rh6 33. Rb7 1-0

[Event "AUTO-ADV-3993"]
[Site "http://www.queenalice.com/game.php?id=1520544"]
[Date "2018.3.20"]
[Round "1"]
[White "forever"]
[Black "Zarathustra"]
[Result "0-1"]
[WhiteElo "1993"]
[BlackElo "1947"]

1. Nf3 d5 2. d4 e6 3. Nc3 c5 4. e3 Nf6 5. Bd3 Bd6 6. e4 c4 7. e5 cxd3 8. exf6
dxc2 9. Qxc2 Qxf6 10. O-O Nc6 11. Be3 O-O 12. Ne2 Bd7 13. Ng3 Rac8 14. Qd2 h6
15. Ne1 Rc7 16. Nd3 Nxd4 17. Nf4 Bxf4 18. Bxf4 e5 19. Be3 Rc2 20. Qb4 Nf3+ 21.
gxf3 Qxf3 22. Qh4 d4 23. Bxh6 Bc6 24. Qh3 gxh6 25. Rfe1 Qxf2# 0-1

[Event "AUTO-OPEN-3915"]
[Site "http://www.queenalice.com/game.php?id=1520817"]
[Date "2018.3.23"]
[Round "1"]
[White "Danado"]
[Black "Zarathustra"]
[Result "0-1"]
[WhiteElo "1589"]
[BlackElo "1945"]

1. e4 e5 2. Nf3 Nc6 3. d4 exd4 4. Nxd4 Qh4 5. Nc3 Bb4 6. Be3 Qxe4 7. Qd3 Qxd3 8.
cxd3 Nxd4 9. Bxd4 f6 10. Be2 Ne7 11. a3 Bxc3+ 12. Bxc3 d5 13. O-O Bf5 14. Rac1
c6 15. Bb4 Kd7 16. Bxe7 Kxe7 17. h3 Rhe8 18. Rfe1 Kd6 19. d4 Re4 20. Rcd1 Rae8
21. Kf1 R8e7 22. f3 R4e6 23. Rd2 h5 24. g4 hxg4 25. hxg4 Bh7 26. Kf2 Re3 27. Kf1
b6 28. Rc1 Rxe2 29. Rxe2 Bd3 30. Re1 Rxe2 31. Rxe2 c5 32. dxc5+ bxc5 33. Ke1
Bxe2 34. Kxe2 Ke5 35. Ke3 d4+ 36. Kd3 Kf4 37. Ke2 c4 38. Kd2 Kxf3 0-1

[Event "AUTO-OPEN-3915"]
[Site "http://www.queenalice.com/game.php?id=1520818"]
[Date "2018.3.23"]
[Round "1"]
[White "Zarathustra"]
[Black "RJGF"]
[Result "1-0"]
[WhiteElo "2041"]
[BlackElo "1889"]

1. e4 e5 2. Nf3 Nc6 3. Bc4 Nd4 4. O-O d6 5. d3 Nxf3+ 6. Qxf3 Qf6 7. Qxf6 Nxf6 8.
f4 Be6 9. Bxe6 fxe6 10. fxe5 dxe5 11. Kf2 Bc5+ 12. Ke2 O-O 13. Nc3 Ng4 14. Nd1
Rxf1 15. Kxf1 Rf8+ 16. Ke2 Nxh2 17. Be3 Bxe3 18. Nxe3 Rf4 19. Rh1 Ng4 20. g3
Rf2+ 21. Ke1 h5 22. Nxg4 Rxc2 23. Rh2 Rc1+ 24. Kd2 Rg1 25. Nxe5 Rxg3 26. Rxh5 g5
27. Rh6 Rg2+ 28. Kc3 g4 29. Rg6+ Kh7 30. Rxg4 Rxg4 31. Nxg4 Kg7 32. Kd4 Kg6 33.
Ke5 Kf7 34. Ne3 b5 35. Ng2 a5 36. Nf4 c5 37. Nxe6 c4 38. dxc4 bxc4 39. a4 Ke7
40. Kd5 Kd7 41. e5 Ke7 42. Nd4 Kd7 43. e6+ Ke7 44. Kc6 1-0

[Event "AUTO-OPEN-3915"]
[Site "http://www.queenalice.com/game.php?id=1520819"]
[Date "2018.3.23"]
[Round "1"]
[White "RJGF"]
[Black "Zarathustra"]
[Result "0-1"]
[WhiteElo "1881"]
[BlackElo "1965"]

1. e4 e5 2. Nf3 Nc6 3. d4 exd4 4. Bc4 Nf6 5. e5 d5 6. Bb5 Ne4 7. Nxd4 Bc5 8.
Nxc6 Bxf2+ 9. Kf1 bxc6 10. Bxc6+ Kf8 11. Bxa8 Ba6+ 12. c4 Bxc4+ 0-1

[Event "AUTO-OPEN-3915"]
[Site "http://www.queenalice.com/game.php?id=1520820"]
[Date "2018.3.23"]
[Round "1"]
[White "Zarathustra"]
[Black "niclep"]
[Result "1-0"]
[WhiteElo "2014"]
[BlackElo "2113"]

1. e4 e5 2. Nf3 Nc6 3. Bc4 h6 4. d3 d6 5. Nc3 Nf6 6. O-O Na5 7. Bb3 Nxb3 8. axb3
Be7 9. h3 O-O 10. Ne2 b5 11. Bd2 Bd7 12. Ng3 Qc8 13. Nh2 Nh7 14. f4 exf4 15.
Bxf4 b4 16. c3 a5 17. Be3 Bf6 18. Qd2 c5 19. Nh5 Be5 20. d4 Bxh2+ 21. Kxh2 Qd8
22. Bxh6 gxh6 23. Qxh6 Qg5 24. Nf6+ Qxf6 25. Rxf6 Nxf6 26. Qxf6 Rfd8 27. Rf1 Be8
28. Rf4 Kf8 29. Rh4 1-0

[Event "AUTO-OPEN-3915"]
[Site "http://www.queenalice.com/game.php?id=1520821"]
[Date "2018.3.23"]
[Round "1"]
[White "niclep"]
[Black "Zarathustra"]
[Result "0-1"]
[WhiteElo "2112"]
[BlackElo "2058"]

1. e4 d5 2. e5 e6 3. d4 c5 4. c3 Qb6 5. a3 Nc6 6. Nf3 Nge7 7. b4 cxd4 8. cxd4
Nf5 9. Bb2 Be7 10. Be2 O-O 11. O-O Bd7 12. Qd3 Rac8 13. Nbd2 a6 14. Nb3 Rc7 15.
Nc5 Rfc8 16. Bc3 Qa7 17. a4 b6 18. Nxa6 Nxe5 19. Nxe5 Rxc3 20. Qd2 f6 21. Nxd7
Qxd7 22. Nc5 bxc5 23. Qxc3 cxb4 24. Qd2 Bd6 25. Bb5 Qa7 26. Rad1 Kf7 27. Rfe1 g5
28. Qd3 h5 29. h3 h4 30. Re2 Qxd4 31. Rde1 Qxd3 32. Bxd3 Ng7 33. Bb5 Rc7 34. Kf1
Be5 35. Rb1 Bc3 36. Rc2 Re7 37. Rd1 Nf5 38. Bd3 Nd6 39. a5 Ra7 40. a6 Nc4 41.
Bxc4 dxc4 42. Rd6 Ke7 43. Rc6 Kd7 44. Rxc4 Rxa6 45. Ke2 Kd6 46. Kd3 Ra3 47. Ke2
Kd5 48. Rc8 Ra1 49. Rd8+ Ke4 50. Rd1 Rxd1 51. Kxd1 Kd3 52. Rc1 b3 53. Rb1 b2 54.
g3 e5 55. g4 e4 56. Rxb2 Bxb2 57. Ke1 Bd4 58. Kf1 Bxf2 59. Kxf2 Kd2 60. Kf1 e3
61. Kg2 e2 62. Kh2 e1=Q 63. Kg2 Qe3 64. Kh2 Qe2+ 65. Kg1 Ke3 66. Kh1 Kf3 0-1

[Event "Let's Play Chess!"]
[Site "http://www.queenalice.com/game.php?id=1524074"]
[Date "2018.4.27"]
[Round "-"]
[White "Zarathustra"]
[Black "Lintz"]
[Result "0-1"]
[WhiteElo "2051"]
[BlackElo "1843"]

1. e4 c5 2. Nf3 d6 3. c3 Nf6 4. Be2 g6 5. d4 cxd4 6. Qa4+ Nc6 7. cxd4 Bd7 8. Nc3
Ne5 9. Qc2 Nxf3+ 10. Bxf3 Rb8 11. O-O Bg7 12. Bf4 Bc8 13. Qa4+ Bd7 14. Qxa7 O-O
15. a3 b6 16. Qa4 Bxa4 0-1

[Event "Let's Play Chess!"]
[Site "http://www.queenalice.com/game.php?id=1524075"]
[Date "2018.4.27"]
[Round "-"]
[White "Lintz"]
[Black "Zarathustra"]
[Result "0-1"]
[WhiteElo "1867"]
[BlackElo "2027"]

1. d4 d5 2. c4 e5 3. dxe5 d4 4. Nf3 Nc6 5. g3 Be6 6. b3 Qd7 7. Bb2 O-O-O 8. Bg2
f6 9. exf6 Nxf6 10. O-O Kb8 11. Ng5 h6 12. Nxe6 Qxe6 13. Bxc6 Qxc6 14. Nd2 Bc5
15. a3 Rhe8 16. Nf3 Qe4 17. Nh4 Qxe2 18. Re1 Qxb2 0-1

[Event "OS INCLIVES"]
[Site "http://www.queenalice.com/game.php?id=1526269"]
[Date "2018.5.5"]
[Round "-"]
[White "adelio"]
[Black "Zarathustra"]
[Result "0-1"]
[WhiteElo "1588"]
[BlackElo "2045"]

1. d4 d5 2. e4 e6 3. e5 c5 4. Nf3 Qb6 5. c3 Nc6 6. a4 cxd4 7. Bb5 dxc3 8. bxc3
Ne7 9. Nd4 a6 10. Bb2 axb5 11. Nxb5 Nxe5 12. Nd2 Nf5 13. O-O Bc5 14. Nf3 Nxf3+
15. Qxf3 O-O 16. Rab1 Qd8 17. g3 Nd6 18. Rbd1 Nxb5 19. c4 Qa5 20. axb5 Qb4 21.
Qc3 Qxc3 22. Bxc3 dxc4 23. Kg2 b6 24. Rd2 Ra3 25. Rfd1 Rxc3 26. Rd8 Be7 27.
Rxf8+ Kxf8 28. Rd2 Rb3 29. Rd4 Rxb5 30. Rxc4 Bd7 31. Rc7 Ke8 32. Ra7 Ra5 33. Rc7
b5 34. Rc2 b4 35. f3 b3 36. Rb2 Ra2 37. Rxa2 bxa2 0-1

[Event "OS INCLIVES"]
[Site "http://www.queenalice.com/game.php?id=1526270"]
[Date "2018.5.5"]
[Round "-"]
[White "Zarathustra"]
[Black "adelio"]
[Result "1-0"]
[WhiteElo "2047"]
[BlackElo "1625"]

1. e4 a6 2. f4 h5 3. Nf3 h4 4. d4 c5 5. Nc3 e6 6. Bd3 Be7 7. Be3 d6 8. Qe2 Nc6
9. dxc5 dxc5 10. O-O-O Bd7 11. Rd2 b6 12. Rhd1 Nb4 13. Bc4 Ra7 14. a3 a5 15.
axb4 axb4 16. Nb1 Ra1 17. Rxd7 Qa8 18. Bb5 Kf8 19. Qd3 g6 20. Rd8+ Bxd8 21.
Qxd8+ Kg7 22. Qxa8 Rxa8 23. Rd7 Nf6 24. Rb7 Nxe4 25. Ne5 Nd6 26. Rxb6 Nxb5 27.
Rxb5 b3 28. Rxb3 Rhc8 29. Rb7 c4 30. Rxf7+ Kg8 31. Re7 Ra1 32. Nxg6 c3 33. b3
Ra6 34. Nxh4 Rcc6 35. Ra7 Rxa7 36. Bxa7 Kf7 37. Bd4 Ke8 38. Nxc3 Ra6 39. f5 Kd7
40. fxe6+ Kxe6 41. Kd2 1-0

[Event "AUTO-OPEN-3938"]
[Site "http://www.queenalice.com/game.php?id=1529575"]
[Date "2018.6.3"]
[Round "1"]
[White "Parma"]
[Black "Zarathustra"]
[Result "0-1"]
[WhiteElo "1880"]
[BlackElo "2069"]

1. d4 e6 2. c4 Nf6 3. e3 b6 4. Be2 Bb7 5. Nf3 Bb4+ 6. Bd2 Bxd2+ 7. Nbxd2 O-O 8.
O-O Nc6 9. a3 Ne7 10. h3 h6 11. Nh2 d6 12. Bf3 Bxf3 13. Nhxf3 c5 14. dxc5 bxc5
15. b4 Nd7 16. b5 a6 17. a4 axb5 18. cxb5 Qc7 0-1

[Event "AUTO-OPEN-3938"]
[Site "http://www.queenalice.com/game.php?id=1529576"]
[Date "2018.6.3"]
[Round "1"]
[White "Zarathustra"]
[Black "Parma"]
[Result "1/2-1/2"]
[WhiteElo "2076"]
[BlackElo "1893"]

1. e4 c5 2. f4 e6 3. Nf3 d6 4. Nc3 Be7 5. Bc4 Nf6 6. O-O O-O 7. d3 Nc6 8. f5
exf5 9. Ng5 h6 10. Nxf7 Rxf7 11. Bxf7+ Kxf7 12. exf5 Kg8 13. Ne4 d5 14. Ng3 Bd6
15. Nh5 Nxh5 16. Qxh5 Qf6 17. Qe8+ Kh7 18. Bf4 Qd4+ 19. Kh1 Bxf4 20. Qg6+
1/2-1/2

[Event "AUTO-OPEN-3938"]
[Site "http://www.queenalice.com/game.php?id=1529601"]
[Date "2018.6.3"]
[Round "1"]
[White "maurice91"]
[Black "Zarathustra"]
[Result "0-1"]
[WhiteElo "1818"]
[BlackElo "2044"]

1. d4 e6 2. c4 Nf6 3. e3 b6 4. Bd3 Bb7 5. f3 Bb4+ 6. Bd2 Bxd2+ 7. Nxd2 O-O 8. e4
d6 9. Nh3 Nbd7 10. O-O Qe7 11. Qc2 e5 12. d5 c6 13. f4 cxd5 14. exd5 exf4 15.
Rxf4 Nc5 16. Ng5 h6 17. Nh7 Nxh7 18. Bxh7+ Kh8 19. Bf5 g6 20. Qc3+ Qe5 21. Qxe5+
dxe5 22. Rh4 gxf5 23. Rxh6+ Kg7 24. Rh3 Rh8 25. Rg3+ Kf8 26. Rg5 Bc8 27. Nf3 f6
28. Rg6 Kf7 29. Rg3 f4 30. Nxe5+ fxe5 31. Rc3 Bf5 32. Re1 Kf6 33. g3 fxg3 34.
Rxg3 Rag8 35. Rxg8 Rxg8+ 36. Kf2 Nd3+ 0-1

[Event "AUTO-OPEN-3938"]
[Site "http://www.queenalice.com/game.php?id=1529602"]
[Date "2018.6.3"]
[Round "1"]
[White "Zarathustra"]
[Black "maurice91"]
[Result "1-0"]
[WhiteElo "2051"]
[BlackElo "1820"]

1. e4 c6 2. d4 g6 3. Nc3 d5 4. e5 h5 5. h3 Nh6 6. Bd3 Bf5 7. Nf3 e6 8. O-O Bxh3
9. gxh3 f5 10. exf6 Qxf6 11. Bg5 Qg7 12. Ne5 Nf5 13. Ne2 Be7 14. Bxe7 Nxe7 15.
Nf4 Qf6 16. Kh2 Qxf4+ 17. Kh1 Rg8 18. Qf3 Qxf3+ 19. Nxf3 Nf5 20. Bxf5 exf5 21.
Rae1+ Kd8 22. Re6 Nd7 23. Rfe1 Kc7 24. Re7 Rad8 25. Ne5 Kd6 26. Nf7+ Kc7 27.
Nxd8 Kxd8 28. R1e6 Kc7 29. Rf6 Kc8 30. Rff7 Rd8 31. Rg7 Nf8 32. Rc7+ Kb8 33.
Rxb7+ Ka8 34. Rxa7+ Kb8 35. Ra6 c5 36. dxc5 Re8 37. c6 Rc8 38. Rb7# 1-0

[Event "AUTO-OPEN-3938"]
[Site "http://www.queenalice.com/game.php?id=1529619"]
[Date "2018.6.3"]
[Round "1"]
[White "Zarathustra"]
[Black "jiba45"]
[Result "0-1"]
[WhiteElo "2049"]
[BlackElo "2367"]

1. e4 c6 2. d4 d5 3. exd5 cxd5 4. c4 e6 5. Nc3 Nf6 6. Bd3 Be7 7. Nf3 Nbd7 8. O-O
a6 9. c5 Nb8 10. h3 Bd7 11. Re1 O-O 12. Ne5 Nc6 13. Bg5 Nxe5 14. Bc2 Nc4 15. b3
Na3 16. Bd3 Nb5 0-1

[Event "AUTO-OPEN-3938"]
[Site "http://www.queenalice.com/game.php?id=1529620"]
[Date "2018.6.3"]
[Round "1"]
[White "jiba45"]
[Black "Zarathustra"]
[Result "1-0"]
[WhiteElo "2425"]
[BlackElo "2046"]

1. d4 e6 2. c4 f5 3. Nf3 Nf6 4. g3 g6 5. Bg2 Bg7 6. Nc3 O-O 7. O-O d6 8. Qd3
Nbd7 9. e4 fxe4 10. Nxe4 Rb8 11. Neg5 Re8 12. Nh4 Nf8 13. Bd2 h6 14. f4 hxg5 15.
fxg5 N6h7 16. Nxg6 Nxg6 17. Qxg6 Rf8 18. Be4 Rf5 19. Rxf5 exf5 20. Bd5+ Kh8 21.
Qh5 Bxd4+ 22. Kh1 b5 23. Re1 1-0

[Event "AUTO-OPEN-3915"]
[Site "http://www.queenalice.com/game.php?id=1537820"]
[Date "2018.8.6"]
[Round "2"]
[White "josekasparov"]
[Black "Zarathustra"]
[Result "1-0"]
[WhiteElo "2426"]
[BlackElo "2090"]

1. d4 e6 2. c4 Nf6 3. Nf3 b6 4. a3 Bb7 5. Nc3 Be7 6. e3 O-O 7. Bd3 c5 8. d5 exd5
9. cxd5 Nxd5 10. Nxd5 Bxd5 11. Bxh7+ Kxh7 12. Qxd5 Nc6 13. Qh5+ Kg8 14. h4 f6
15. Qd5+ Rf7 16. Bd2 Qe8 17. Ng5 fxg5 18. hxg5 Bxg5 19. Qxg5 Qe5 20. Qh4 g5 21.
Qh6 Qxb2 22. Rd1 Raf8 23. Qxg5+ Rg7 24. Qd5+ Rff7 25. f4 Kf8 26. Rh8+ Rg8 27.
Rxg8+ Kxg8 28. Kf2 Qxa3 29. g4 Qb2 30. Rh1 Qf6 31. g5 Qe6 32. Qxe6 dxe6 33. Rh6
Rd7 34. Bc3 Ne7 35. e4 b5 36. g6 1-0

[Event "AUTO-OPEN-3915"]
[Site "http://www.queenalice.com/game.php?id=1537821"]
[Date "2018.8.6"]
[Round "2"]
[White "Zarathustra"]
[Black "josekasparov"]
[Result "1/2-1/2"]
[WhiteElo "2077"]
[BlackElo "2410"]

1. e4 c5 2. Nc3 g6 3. f4 Bg7 4. Nf3 e6 5. Bc4 Ne7 6. O-O O-O 7. d3 d5 8. Bb3
Nbc6 9. e5 a6 10. a3 b5 11. Ne2 Qb6 12. d4 c4 13. Ba2 a5 14. Bb1 Bd7 15. c3 b4
16. Be3 Rfb8 17. a4 bxc3 18. bxc3 Qb2 19. Bc2 Nb4 20. cxb4 axb4 21. Rb1 Qa2 22.
Ra1 Qb2 23. Rb1 1/2-1/2

[Event "AUTO-ADV-3993"]
[Site "http://www.queenalice.com/game.php?id=1547495"]
[Date "2018.10.28"]
[Round "2"]
[White "Zarathustra"]
[Black "Bruscato"]
[Result "1-0"]
[WhiteElo "2101"]
[BlackElo "2369"]

1. e4 c5 2. Nf3 d6 3. Bb5+ Nd7 4. c3 a6 5. Bxd7+ Bxd7 6. O-O Rc8 7. d4 cxd4 8.
cxd4 g6 9. Nc3 Bg7 10. Be3 Nf6 11. d5 Nh5 12. Qd2 O-O 13. Rac1 b5 14. b3 Bg4 15.
Nd4 Be5 16. Nc6 Qe8 17. Bh6 Bg7 18. Bxg7 Nxg7 19. Qg5 Rxc6 20. dxc6 Be6 21. Nd5
f6 22. Qe3 1-0

[Event "AUTO-ADV-3993"]
[Site "http://www.queenalice.com/game.php?id=1547496"]
[Date "2018.10.28"]
[Round "2"]
[White "Bruscato"]
[Black "Zarathustra"]
[Result "0-1"]
[WhiteElo "2350"]
[BlackElo "2121"]

1. e4 e5 2. f4 d5 3. Nf3 exf4 4. e5 g5 5. Be2 g4 6. Nd4 Qh4+ 7. Kf1 f3 8. Bxf3
gxf3 9. Nxf3 Qh5 10. d4 Bg4 11. Nbd2 Nc6 12. c3 Nh6 13. h3 Nf5 14. Kf2 Bh6 15.
Nb3 Bxf3 16. Qxf3 Qxf3+ 17. gxf3 Bxc1 18. Raxc1 O-O-O 19. Nc5 b6 20. Nd3 Rhg8
21. Rcg1 Nce7 22. Rg4 Rg7 23. Rhg1 Rdg8 24. Nf4 c6 25. e6 fxe6 26. Nxe6 Rxg4 27.
hxg4 Ng7 28. Nf4 Ng6 29. Nd3 Ne6 30. Rh1 Rf8 31. Rxh7 Rxf3+ 32. Kxf3 Ng5+ 33.
Kg3 Nxh7 34. b4 Ng5 35. Nf2 Kd7 36. a4 a5 37. bxa5 bxa5 38. Nd3 Ne4+ 39. Kf3
Nxc3 40. Nc5+ Kd6 41. g5 Ne4 42. Nb7+ Kc7 43. Nxa5 Kb6 44. Nb3 Nxg5+ 45. Kg4 Ne6
46. Kf5 Ngf4 47. Nc5 Nxc5 48. dxc5+ Kxc5 49. Kxf4 Kb4 0-1